Взаимозаменяемость, метрология, стандартизация на предприятиях бытового обслуживания: учебник для вузов

Bibliographic Details
Main Author: Шляхтер Л. М. Леонид Максимович
Language:Russian
Published: Москва, Легпромбытиздат, 1990
Subjects:
Format: Book
KOHA link:https://koha.lib.tpu.ru/cgi-bin/koha/opac-detail.pl?biblionumber=241530

MARC

LEADER 00000nam0a2200000 4500
001 241530
005 20231101231824.0
010 |a 570880369X 
020 |a RU  |b 90-40171 
035 |a (RuTPU)RU\TPU\book\262805 
090 |a 241530 
100 |a 20130802d1990 km a0rusy5003 ca 
101 0 |a rus 
102 |a RU 
105 |a a z 001zy 
200 1 |a Взаимозаменяемость, метрология, стандартизация на предприятиях бытового обслуживания  |e учебник для вузов  |f Л. М. Шляхтер 
210 |a Москва  |c Легпромбытиздат  |d 1990 
215 |a 287,[1] с.  |c ил.  |d 22 см 
320 |a Библиогр.: с. 286. 
606 1 |a Технические измерения  |2 stltpush  |3 (RuTPU)RU\TPU\subj\60062  |9 77552 
610 1 |a взаимозаменяемость 
610 1 |a стандартизация 
610 1 |a метрология 
610 1 |a машиностроение 
610 1 |a учебники 
610 1 |a геометрические параметры 
675 |a 006(075.8)  |z rus  |v 4 
700 1 |a Шляхтер  |b Л. М.  |g Леонид Максимович  |4 070 
801 0 |a RU  |b RuMRKP  |c 19950417  |g psbo 
801 1 |a RU  |b 63413507  |c 20130802 
801 2 |a RU  |b 63413507  |c 20191014  |g RCR 
942 |c BK